• 首页
  • 本馆介绍
  • 公告通知
  • 最新文献
  • 馆藏检索
  • 电子资源
  • 读者导购
  • 参考咨询
  • 我的图书馆
  • 登录
  • 详细信息显示
  • 放入我的书架
  • 预约/预借图书
  • 作者相关作品
  • 分类相关作品
  • 丛书相关作品
  • 出版社相关作品

书目信息

  • 表格格式
  • 工作单格式
  • 卡片格式
题名:
新干线纵横谈
    
 
作者: 杨中平 著
分册:  
出版信息: 北京   中国铁道出版社  2012
页数: 269页
开本: 23cm
丛书名:
单 册:
中图分类: U238
科图分类:
主题词: 高速铁路--技术--日本
电子资源:
ISBN: 978-7-113-15645-9
000 00834nam0 2200241 450
001 2331934495
005 20231214162807.63
010    @a978-7-113-15645-9@d48.00CNY
100    @a20130204d2012 em y0chiy0120 ea
101 0  @achi
102    @aCN@b110000
105    @aa z 000yy
200 1  @a新干线纵横谈@Axin gan xian zong heng tan@b专著@e日本高速铁路技术@f杨中平著
205    @a2版
210    @a北京@c中国铁道出版社@d2012
215    @a269页@c图,照片@d23cm
330    @a本书从日本新干线的修建背景、成功之因、技术特点等多个角度对日本高速铁路作了介绍,并用宽广的视野对世界高速铁路竞争过程作了描述。
517 1  @a日本高速铁路技术@Ari ben gao su tie lu ji shu
606 0  @a高速铁路@x技术@y日本
690    @aU238@v5
701  0 @a杨中平@Ayang zhong ping@c(铁路)@4著
801  2 @aCN@b辽宁北配@c20231205
905    @aBZT@dU238@e17=2
    
    新干线纵横谈:日本高速铁路技术/杨中平著.-2版.-北京:中国铁道出版社,2012
    269页:图,照片;23cm
    
    
    ISBN 978-7-113-15645-9:48.00CNY
    本书从日本新干线的修建背景、成功之因、技术特点等多个角度对日本高速铁路作了介绍,并用宽广的视野对世界高速铁路竞争过程作了描述。
●
相关链接 在五车中查询图书 在当当中查询图书 在豆瓣中查询图书


正题名:新干线纵横谈     索取号:U238/17=2         预约/预借

序号 登录号 条形码 馆藏地/架位号 状态 备注
1 2001571171   2001571171   辽三/辽宁北配(第三批)/1595/ [索取号:U238/17=2] 在馆    
2 2001571172   2001571172   辽三/辽宁北配(第三批)/1595/ [索取号:U238/17=2] 在馆    
3 2001571173   2001571173   辽三/辽宁北配(第三批)/1595/ [索取号:U238/17=2] 在馆    
4 2001571174   2001571174   辽三/辽宁北配(第三批)/1595/ [索取号:U238/17=2] 在馆    
5 2001571175   2001571175   辽三/辽宁北配(第三批)/1595/ [索取号:U238/17=2] 在馆    
6 2001571176   2001571176   辽三/辽宁北配(第三批)/1595/ [索取号:U238/17=2] 在馆    
7 2001571177   2001571177   辽三/辽宁北配(第三批)/1595/ [索取号:U238/17=2] 在馆    
8 2001571178   2001571178   辽三/辽宁北配(第三批)/1595/ [索取号:U238/17=2] 在馆    
9 2001571179   2001571179   辽三/辽宁北配(第三批)/1595/ [索取号:U238/17=2] 在馆    
10 2001571180   2001571180   辽三/辽宁北配(第三批)/1595/ [索取号:U238/17=2] 在馆    
11 2001571181   2001571181   辽三/辽宁北配(第三批)/1595/ [索取号:U238/17=2] 在馆    
12 2001571182   2001571182   辽三/辽宁北配(第三批)/1595/ [索取号:U238/17=2] 在馆    
13 2001571183   2001571183   辽三/辽宁北配(第三批)/1595/ [索取号:U238/17=2] 在馆    
14 2001571184   2001571184   辽三/辽宁北配(第三批)/1595/ [索取号:U238/17=2] 在馆    
15 2001571185   2001571185   辽三/辽宁北配(第三批)/1595/ [索取号:U238/17=2] 在馆    
16 2001571186   2001571186   辽三/辽宁北配(第三批)/1595/ [索取号:U238/17=2] 在馆    
17 2001571187   2001571187   辽三/辽宁北配(第三批)/1595/ [索取号:U238/17=2] 在馆    
18 2001571188   2001571188   辽三/辽宁北配(第三批)/1595/ [索取号:U238/17=2] 在馆    
19 2001571189   2001571189   辽三/辽宁北配(第三批)/1595/ [索取号:U238/17=2] 在馆    
20 2001571190   2001571190   辽三/辽宁北配(第三批)/1595/ [索取号:U238/17=2] 在馆    
21 2001571191   2001571191   辽三/辽宁北配(第三批)/1595/ [索取号:U238/17=2] 在馆    
22 2001571192   2001571192   辽三/辽宁北配(第三批)/1595/ [索取号:U238/17=2] 在馆    
23 2001571193   2001571193   辽三/辽宁北配(第三批)/1595/ [索取号:U238/17=2] 在馆    
24 2001571194   2001571194   辽三/辽宁北配(第三批)/1595/ [索取号:U238/17=2] 在馆    
25 2001571195   2001571195   辽三/辽宁北配(第三批)/1595/ [索取号:U238/17=2] 在馆    
26 2001571196   2001571196   辽三/辽宁北配(第三批)/1595/ [索取号:U238/17=2] 在馆    
27 2001571197   2001571197   辽三/辽宁北配(第三批)/1595/ [索取号:U238/17=2] 在馆    
28 2001571198   2001571198   辽三/辽宁北配(第三批)/1595/ [索取号:U238/17=2] 在馆    
29 2001571199   2001571199   辽三/辽宁北配(第三批)/1595/ [索取号:U238/17=2] 在馆    
30 2001571200   2001571200   辽三/辽宁北配(第三批)/1595/ [索取号:U238/17=2] 在馆    
山东省滨州职业学院图书馆 欢迎您!
大连网信软件有限公司© 版权所有